Smart choice, (Record no. 29354)
[ view plain ]
| 000 -LEADER | |
|---|---|
| fixed length control field | 01552cam a2200445 a 4500 |
| 001 - CONTROL NUMBER | |
| control field | 15898307 |
| 003 - CONTROL NUMBER IDENTIFIER | |
| control field | EG-ScBUE |
| 005 - DATE AND TIME OF LATEST TRANSACTION | |
| control field | 20210927094818.0 |
| 006 - FIXED-LENGTH DATA ELEMENTS--ADDITIONAL MATERIAL CHARACTERISTICS--GENERAL INFORMATION | |
| fixed length control field | m||||fq||h 00| 0 |
| 008 - FIXED-LENGTH DATA ELEMENTS--GENERAL INFORMATION | |
| fixed length control field | 090908s2007 nyua f 000 0 eng d |
| 020 ## - INTERNATIONAL STANDARD BOOK NUMBER | |
| International Standard Book Number | 9780194305631 (v. 2) |
| 020 ## - INTERNATIONAL STANDARD BOOK NUMBER | |
| International Standard Book Number | 9780194305624 (v. 1) |
| 020 ## - INTERNATIONAL STANDARD BOOK NUMBER | |
| International Standard Book Number | 9780194305587 (CD) |
| 020 ## - INTERNATIONAL STANDARD BOOK NUMBER | |
| International Standard Book Number | 9780194305570 (CD) |
| 020 ## - INTERNATIONAL STANDARD BOOK NUMBER | |
| International Standard Book Number | 9780194305648 (V. 3) |
| 020 ## - INTERNATIONAL STANDARD BOOK NUMBER | |
| International Standard Book Number | 9780194305594 (CD) |
| 040 ## - CATALOGING SOURCE | |
| Original cataloging agency | DLC |
| Language of cataloging | eng |
| Description conventions | rda |
| Transcribing agency | DLC |
| Modifying agency | DLC |
| -- | EG-ScBUE |
| 082 04 - DEWEY DECIMAL CLASSIFICATION NUMBER | |
| Classification number | 428.24 |
| Item number | WIL |
| Edition number | 22 |
| 100 1# - MAIN ENTRY--PERSONAL NAME | |
| Personal name | Wilson, Ken, |
| Dates associated with a name | 1947 August 5- |
| Relator term | author. |
| 245 10 - TITLE STATEMENT | |
| Title | Smart choice, |
| Name of part/section of a work | Student book / |
| Statement of responsibility, etc | Ken Wilson. |
| 246 33 - VARYING FORM OF TITLE | |
| Title proper/short title | Student book |
| 264 #1 - PUBLICATION, DISTRIBUTION, ETC. (IMPRINT) | |
| Place of publication, distribution, etc | New York : |
| Name of publisher, distributor, etc | Oxford University Press, |
| Date of publication, distribution, etc | 2007. |
| 300 ## - PHYSICAL DESCRIPTION | |
| Extent | 3 volumes : |
| Other physical details | illustrations ; |
| Dimensions | 30 cm + |
| Accompanying material | 3 CD |
| 336 ## - CONTENT TYPE | |
| Source | rdacontent |
| Content type term | text |
| Content type code | txt |
| 336 ## - CONTENT TYPE | |
| Source | rdacontent |
| Content type term | sounds |
| Content type code | snd |
| 337 ## - MEDIA TYPE | |
| Source | rdamedia |
| Media type term | unmediated |
| Media type code | n |
| 337 ## - MEDIA TYPE | |
| Source | rdamedia |
| Media type term | audio |
| Media type code | s |
| 338 ## - CARRIER TYPE | |
| Source | rdacarrier |
| Carrier type term | volume |
| Carrier type code | nc |
| 338 ## - CARRIER TYPE | |
| Source | rdacarrier |
| Carrier type term | computer disc |
| Carrier type code | cd |
| 505 0# - FORMATTED CONTENTS NOTE | |
| Formatted contents note | Volume 1 -- Volume 2. |
| 650 #7 - SUBJECT ADDED ENTRY--TOPICAL TERM | |
| Topical term or geographic name as entry element | English language |
| General subdivision | Study and teaching |
| -- | Foreign speakers |
| Form subdivision | Interactive multimedia. |
| Source of heading or term | BUEsh |
| 650 #7 - SUBJECT ADDED ENTRY--TOPICAL TERM | |
| Topical term or geographic name as entry element | English language |
| Form subdivision | Textbooks for foreign speakers. |
| Source of heading or term | BUEsh |
| 650 #7 - SUBJECT ADDED ENTRY--TOPICAL TERM | |
| Topical term or geographic name as entry element | English language |
| General subdivision | Rhetoric |
| -- | Problems, exercises, etc. |
| Source of heading or term | BUEsh |
| 653 ## - INDEX TERM--UNCONTROLLED | |
| Resource For college | Humanities: English |
| Arrived date list | August2021 |
| 655 ## - INDEX TERM--GENRE/FORM | |
| Form subdivision | Reading book |
| 9 (RLIN) | 34232 |
| 906 ## - LOCAL DATA ELEMENT F, LDF (RLIN) | |
| a | 7 |
| b | cbc |
| c | origres |
| d | 2 |
| e | ncip |
| f | 20 |
| g | y-gencatlg |
| 942 ## - ADDED ENTRY ELEMENTS (KOHA) | |
| Source of classification or shelving scheme | Dewey Decimal Classification |
| Koha item type | Book - Borrowing |
| Withdrawn status | Lost status | Source of classification or shelving scheme | Damaged status | Not for loan | Collection code | Home library | Current library | Shelving location | Date acquired | Source of acquisition | Total Checkouts | Full call number | Barcode | Date last seen | Price effective from | Koha item type | Public note |
|---|---|---|---|---|---|---|---|---|---|---|---|---|---|---|---|---|---|
| Dewey Decimal Classification | Donation-Gift | Central Library | Central Library | Second Floor | 11/08/2021 | Donation | 428.24 WIL | 000050527 | 15/07/2025 | 11/08/2021 | Book - Borrowing | V. 2 | |||||
| Dewey Decimal Classification | Donation-Gift | Central Library | Central Library | Second Floor | 11/08/2021 | Donation | 428.24 WIL | 000050528 | 24/08/2022 | 11/08/2021 | CD | DVD - With book | ||||||
| Dewey Decimal Classification | Donation-Gift | Central Library | Central Library | Second Floor | 15/08/2021 | Donation | 428.24 WIL | 000050535 | 24/08/2022 | 15/08/2021 | NB - Book (Non borrowing) | V. 2 | |||||
| Dewey Decimal Classification | Donation-Gift | Central Library | Central Library | Second Floor | 15/08/2021 | Donation | 428.24 WIL | 000050536 | 24/08/2022 | 15/08/2021 | CD | DVD - With book | ||||||
| Dewey Decimal Classification | Donation-Gift | Central Library | Central Library | Second Floor | 19/09/2021 | Donation | 428.24071073 WIL | 000046450 | 15/07/2025 | 19/09/2021 | Book - Borrowing | V. 1 | |||||
| Dewey Decimal Classification | Donation-Gift | Central Library | Central Library | Second Floor | 19/09/2021 | Donation | 428.24071073 WIL | 000046449 | 19/09/2021 | 19/09/2021 | CD | DVD - With book | ||||||
| Dewey Decimal Classification | Donation-Gift | Central Library | Central Library | Second Floor | 27/09/2021 | Donation | 428.24 WIL | 000050763 | 15/07/2025 | 27/09/2021 | Book - Borrowing | V. 3 | |||||
| Dewey Decimal Classification | Donation-Gift | Central Library | Central Library | Second Floor | 27/09/2021 | Donation | 428.24 WIL | 000050764 | 24/08/2022 | 27/09/2021 | CD | DVD - With book | V. 3 | |||||
| Dewey Decimal Classification | Donation-Gift | Central Library | Central Library | Second Floor | 27/09/2021 | Donation | 428.24 WIL | 000050765 | 15/07/2025 | 27/09/2021 | Book - Borrowing | V. 1 | |||||
| Dewey Decimal Classification | Donation-Gift | Central Library | Central Library | Second Floor | 27/09/2021 | Donation | 428.24 WIL | 000050766 | 24/08/2022 | 27/09/2021 | CD | DVD - With book | V. 1 | |||||
| Dewey Decimal Classification | Donation-Gift | Central Library | Central Library | Second Floor | 27/09/2021 | Donation | 428.24 WIL | 000050767 | 15/07/2025 | 27/09/2021 | Book - Borrowing | V. 1 | |||||
| Dewey Decimal Classification | Donation-Gift | Central Library | Central Library | Second Floor | 27/09/2021 | Donation | 428.24 WIL | 000050768 | 24/08/2022 | 27/09/2021 | CD | DVD - With book | V. 1 | |||||
| Dewey Decimal Classification | Baccah | Central Library | Central Library | Second Floor | 27/07/2022 | Purchase | 428.24 WIL | 000056353 | 15/07/2025 | 27/07/2022 | Book - Borrowing | Vol.3 | |||||
| Dewey Decimal Classification | Baccah | Central Library | Central Library | Second Floor | 27/07/2022 | Purchase | 428.24 WIL | 000056356 | 24/08/2022 | 27/07/2022 | CD | DVD - With book | Vol.3 |